Gaming Quiz

Random Gaming or Video Games Quiz

Sekiro: Shadows Die Twice All Bosses Quiz Stats

 Plays Quiz not verified by Sporcle

Score 0/52 Timer 10:00
0 Plays Today
Location Boss % Correct
Ashina ReservoirGenichiro Ashina
87.7%
Ashina CastleGenichiro Ashina Way of Tomoe
87.7%
Ashina CastleIsshin Ashina
87.7%
Ashina CastleSword Saint Isshin Ashina
87.7%
Hirata EstateLady Butterfly
86.5%
Hirata EstateOwl (Father)
86.5%
Ashina CastleGreat Shinobi Owl
84.9%
Sunken ValleyGuardian Ape
83.7%
Sunken ValleyHeadless Ape and Guardian Ape
83.7%
EverywhereHeadless
83.3%
Ashina DepthsCorrupted Monk
82.1%
Senpou TempleGreat Serpent
81.3%
Hirata EstateJuzou the Drunkard
76.7%
Ashina OutskirtsGyoubu Oniwa
75.4%
Hirata EstateJuzou the Drunkard
75.4%
Ashina CastleEmma, the Gentle Blade
75%
Ashina OutskirtsChained Ogre
71.8%
Fountainhead PalaceDivine Dragon
69.8%
Senpou TempleFolding Screen Monkeys
69%
Ashina CastleSeven Ashina Spears Shikibu Toshikatsu Yamauchi
68.7%
Ashina ReservoirSeven Ashina Spears Shume Masaji Oniwa
68.7%
Ashina OutskirtsBlazing Bull
68.3%
Ashina DepthsSnake Eyes Shirahagi
64.7%
Ashina OutskirtsDemon of Hatred
64.7%
Sunken ValleySnake Eyes Shirafuji
64.3%
Fountainhead PalaceCorrupted Monk
62.7%
Location Boss % Correct
Fountainhead PalaceSakura Bull of the Palace
61.9%
Sunken ValleyShichimen Warrior
61.4%
Fountainhead PalaceColored Great Carp
60.3%
Hirata EstateShinobi Hunter Enshin of Misen
58.3%
Sunken ValleyLong-arm Gentipede Giraffe
57.5%
Ashina CastleLone Shadow Longswordsman
55.6%
Abandoned DungeonLone Shadow Longswordsman
55.6%
Ashina CastleAshina Elite Jinsuke Saze
54.4%
Ashina CastleLone Shadow Vilehand
54%
Fountainhead PalaceShichimen Warrior
53.2%
Abandoned DungeonShichimen Warrior
53.2%
Ashina ReservoirAshina Elite Ujinari Mizuo
51.6%
Ashina DepthsMist Noble
51.6%
Ashina DepthsO'Rin of the Water
51.6%
Senpou TempleArmored Warrior
50.4%
Senpou TempleLong-arm Centipede Sen'un
46.8%
Ashina DepthsTokujiro the Glutton
43.7%
Ashina OutskirtsGeneral Tenzen Yamauchi
40.1%
Ashina ReservoirLeader Shigenori Yamauchi
39.3%
Fountainhead PalaceOkami Leader Shizu
36.1%
Ashina OutskirtsShigekichi of the Red Guard
34.5%
Hirata EstateLone Shadow Masanaga the Spear-Bearer
21.9%
Ashina OutskirtsGeneral Naomori Kawarada
20.6%
Ashina CastleGeneral Kuranosuke Matsumoto
19.8%
Fountainhead PalaceOld Dragons of the Tree
17.1%
Hirata EstateLone Shadow Masanari the Fellblade
8.8%

You're not logged in!

Compare scores with friends on all Sporcle quizzes.
OR
Log In

Sporcle TV

Today on Sporcle TV


Watch our educational content, quiz creation guides, and fun videos on Sporcle TV.

Show Comments

Extras

Top Quizzes Today


Score Distribution

Your Account Isn't Verified!

In order to create a playlist on Sporcle, you need to verify the email address you used during registration. Go to your Sporcle Settings to finish the process.

Report this User

Report this user for behavior that violates our Community Guidelines.

Details: